[Event "Hastings Masters 2018-19"]
[Site "Hastings ENG"]
[Date "2018.12.31"]
[Round "4.1"]
[White "Petrov, Martin"]
[Black "Hawkins, Jonathan"]
[Result "1/2-1/2"]
[WhiteTitle "IM"]
[BlackTitle "GM"]
[WhiteElo "2472"]
[BlackElo "2569"]
[WhiteFideId "2911086"]
[BlackFideId "412686"]
[EventDate "2018.12.28"]

1. e4 e5 2. Nf3 Nc6 3. Bc4 Bc5 4. c3 Nf6 5. d4 exd4 6. e5 d5 7. Bb5 Ne4 8. cxd4
Bb6 9. Be3 O-O 10. Nc3 Bg4 11. h3 Bh5 12. O-O f6 13. exf6 Rxf6 14. Be2 Nxc3 15.
bxc3 Qd6 16. Bg5 1/2-1/2

[Event "Hastings Masters 2018-19"]
[Site "Hastings ENG"]
[Date "2018.12.31"]
[Round "4.2"]
[White "Korneev, Oleg"]
[Black "Willow, Jonah B"]
[Result "1/2-1/2"]
[WhiteTitle "GM"]
[BlackTitle "FM"]
[WhiteElo "2545"]
[BlackElo "2218"]
[WhiteFideId "4156803"]
[BlackFideId "438804"]
[EventDate "2018.12.28"]

1. e4 c5 2. Nf3 e6 3. c3 d5 4. exd5 Qxd5 5. d4 Nf6 6. Be3 cxd4 7. cxd4 Bb4+ 8.
Nc3 Bd7 9. Be2 O-O 10. O-O Bxc3 11. bxc3 Bb5 12. a4 Bxe2 13. Qxe2 Nbd7 14. c4
Qc6 15. h3 Rfc8 16. Rfc1 h6 17. a5 b6 18. a6 Qe4 19. Nd2 Qf5 20. Nb1 Ne4 21. Na3
Nd6 22. Qg4 Nf6 23. Qf4 Rc6 24. Qxf5 Nxf5 25. g4 Nxe3 26. fxe3 Ne4 27. Nb5 Nd6
28. Nxd6 Rxd6 29. Kf2 Rc8 30. Ke2 Rdc6 31. Kd3 Kf8 32. Rab1 R8c7 33. Rb5 Ke7 34.
h4 Kd6 35. g5 hxg5 36. hxg5 f6 37. gxf6 gxf6 38. Rh5 f5 39. Rh8 Rc8 40. Rxc8
Rxc8 41. Rh1 Rc7 42. Rh6 Re7 43. Rg6 Kd7 44. Rh6 Kd6 45. Kc3 Kd7 46. Kb4 e5 47.
Kc3 exd4+ 48. Kxd4 Re4+ 49. Kd3 Re5 50. Rh8 Re7 51. Rh6 Re6 52. Rh5 Re5 53. Rh4
Kd6 54. Kd4 Re7 55. Rh6+ Re6 56. Rh8 Re4+ 57. Kd3 Re7 58. Rf8 Ke6 59. Rb8 Kd6
60. Rd8+ Rd7 61. Rc8 Re7 62. Rf8 Ke6 63. Kc3 Rf7 64. Ra8 Kd6 65. Rd8+ Kc6 66.
Rc8+ Kd6 67. Rh8 Re7 68. Kd4 Re4+ 69. Kd3 Re7 70. Rh5 Re5 71. Rg5 Ra5 72. Kd4
Re5 73. Rg6+ Re6 74. Rg8 Re4+ 75. Kd3 Re7 76. Rh8 Kd7 77. Ra8 Kd6 78. Rb8 Rd7
79. Kc3 Rf7 80. Kb4 Re7 81. Rd8+ Kc6 82. Rf8 Rxe3 83. Rf6+ Kd7 84. Rxf5 Re7 85.
Kb5 Kc7 86. Rf8 Re5+ 87. Kb4 Ra5 88. Rf7+ Kb8 89. Rf8+ 1/2-1/2

[Event "Hastings Masters 2018-19"]
[Site "Hastings ENG"]
[Date "2018.12.31"]
[Round "4.3"]
[White "Murphy, Conor E"]
[Black "Gormally, Daniel W"]
[Result "0-1"]
[WhiteTitle "FM"]
[BlackTitle "GM"]
[WhiteElo "2313"]
[BlackElo "2481"]
[WhiteFideId "421669"]
[BlackFideId "406465"]
[EventDate "2018.12.28"]

1. e4 c5 2. Nf3 d6 3. d4 cxd4 4. Nxd4 Nf6 5. Nc3 a6 6. f3 e6 7. Be3 Be7 8. Qd2
Nc6 9. O-O-O O-O 10. g4 Nxd4 11. Bxd4 b5 12. g5 Nd7 13. h4 Bb7 14. g6 fxg6 15.
Bh3 e5 16. Bxd7 exd4 17. Be6+ Kh8 18. Qxd4 Rxf3 19. h5 gxh5 20. Rxh5 Bg5+ 21.
Kb1 h6 22. Nd5 Bc8 23. Bxc8 Rxc8 24. b3 Qe8 25. Rxg5 hxg5 26. Rh1+ Kg8 27. Qa7
Rf7 28. Qe3 Qe6 29. Qxg5 Rcf8 30. Ne3 Qxe4 31. Qh5 Rf3 32. Qh8+ Kf7 33. Qh5+ g6
34. Qh7+ Ke8 35. Rh4 Qxe3 36. Qxg6+ Kd7 37. Re4 Rf1+ 38. Kb2 Qc1+ 39. Kc3 R8f3+
40. Kb4 Qd2+ 41. Ka3 Qa5+ 42. Kb2 Rxb3+ 43. axb3 Qa1# 0-1

[Event "Hastings Masters 2018-19"]
[Site "Hastings ENG"]
[Date "2018.12.31"]
[Round "4.4"]
[White "Lyell, Mark"]
[Black "Petrov, Vladimir Sergeev"]
[Result "0-1"]
[WhiteTitle "FM"]
[BlackTitle "IM"]
[WhiteElo "2299"]
[BlackElo "2365"]
[WhiteFideId "402354"]
[BlackFideId "2902940"]
[EventDate "2018.12.28"]

1. e4 c5 2. Nc3 d6 3. f4 g6 4. Nf3 Bg7 5. Bb5+ Bd7 6. Bc4 Nc6 7. O-O e6 8. d3
Nge7 9. f5 O-O 10. Qe1 gxf5 11. Bg5 f6 12. Bf4 fxe4 13. dxe4 Na5 14. Be2 e5 15.
Be3 Nac6 16. Bc4+ Kh8 17. Nb5 Qb8 18. Rd1 Nd4 19. Bxd4 cxd4 20. Qb4 Bxb5 21.
Qxb5 Qc7 22. Nh4 Qc6 23. Nf5 Nxf5 24. Qxc6 bxc6 25. Rxf5 Rab8 26. Bb3 Bh6 27.
Kf2 Kg7 28. Ke2 Kg6 29. h4 Bf4 30. g3 Be3 31. Rdf1 Rb7 32. Kd3 Rb5 33. g4 h6 34.
c3 Bf4 35. cxd4 Rb4 36. h5+ Kg7 37. R1xf4 exf4 38. Ra5 Rb7 39. Ke2 Re8 40. Kf3
Rbe7 41. Ba4 Rxe4 42. Rxa7+ R8e7 43. Rxe7+ Rxe7 44. Bxc6 Re3+ 45. Kxf4 Re2 46.
b4 Rxa2 47. Kf5 Rb2 48. b5 Kf7 49. Bd5+ Ke7 50. Bc6 Rb4 51. Ke4 Ke6 52. Bd5+ Kd7
53. Bc6+ Ke7 54. Kd5 Rb1 55. Ke4 Ke6 56. Bd5+ Kd7 57. Bc6+ Kc7 58. Be8 Re1+ 0-1

[Event "Hastings Masters 2018-19"]
[Site "Hastings ENG"]
[Date "2018.12.31"]
[Round "4.5"]
[White "Groffen, Hans"]
[Black "Ratnesan, Rajeiv"]
[Result "1-0"]
[WhiteElo "2121"]
[BlackElo "1686"]
[WhiteFideId "1004140"]
[BlackFideId "439320"]
[EventDate "2018.12.28"]

1. d4 f5 2. g3 Nf6 3. Bg2 g6 4. Nh3 Bg7 5. Nf4 c6 6. h4 d6 7. Nc3 e5 8. dxe5
dxe5 9. Qxd8+ Kxd8 10. Nd3 Nbd7 11. e4 Nxe4 12. Bxe4 fxe4 13. Nxe4 Kc7 14. h5 b6
15. hxg6 hxg6 16. Rxh8 Bxh8 17. Bg5 Bb7 18. Be7 Re8 19. Bd6+ Kd8 20. Ba3 Kc7 21.
Nd6 Re6 22. Nxb7 Kxb7 23. O-O-O Bg7 24. b3 Kc7 25. Rh1 c5 26. Rh7 Bf6 27. Kd1
Re7 28. Rh6 Nf8 29. Bb2 Bg7 30. Rh4 Kd6 31. Re4 Nd7 32. Ke2 Bf6 33. f3 Bg7 34.
Rg4 Nf8 35. Bc1 Re6 36. Nf2 Re7 37. Bd2 Re6 38. b4 Nd7 39. b5 Nf8 40. Bg5 Nh7
41. Bd2 Nf8 42. Ne4+ Kc7 43. Nc3 Kd6 44. a4 Kc7 45. Nd5+ Kb7 46. c4 Rd6 47. Kf2
Re6 48. a5 Rd6 49. a6+ Kb8 50. Bc3 Re6 51. f4 Nd7 52. f5 Rd6 53. Kg2 1-0

[Event "Hastings Masters 2018-19"]
[Site "Hastings ENG"]
[Date "2018.12.31"]
[Round "4.7"]
[White "Cherniaev, Alexander"]
[Black "Derakhshani, Borna"]
[Result "1-0"]
[WhiteTitle "GM"]
[BlackTitle "FM"]
[WhiteElo "2390"]
[BlackElo "2322"]
[WhiteFideId "4117301"]
[BlackFideId "12518450"]
[EventDate "2018.12.28"]

1. Nf3 Nf6 2. c4 g6 3. Nc3 d5 4. Qa4+ c6 5. cxd5 b5 6. Qd4 cxd5 7. e4 Nc6 8.
Bxb5 Bd7 9. Bxc6 Bxc6 10. Ne5 Bb7 11. Qa4+ Nd7 12. exd5 Bg7 13. d4 f6 14. Nc6
Qc7 15. O-O O-O 16. Nxe7+ Kh8 17. Nc6 Nb6 18. Qa5 Nxd5 19. Qxc7 Nxc7 20. Na5 Ba6
21. Rd1 Rad8 22. Be3 Nd5 23. Nc6 Nxe3 24. fxe3 Rd7 25. Nb4 Bb7 26. Nd3 Bh6 27.
Kf2 Re7 28. Re1 Rfe8 29. Nc5 Bxe3+ 30. Rxe3 Rxe3 31. Nxb7 R3e7 32. Nc5 Rb8 33.
b3 Rd8 34. Rd1 f5 35. d5 Re5 36. b4 Kg8 37. d6 Kf7 38. d7 Ke7 39. Nb5 1-0

[Event "Hastings Masters 2018-19"]
[Site "Hastings ENG"]
[Date "2018.12.31"]
[Round "4.8"]
[White "Djuric, Stefan"]
[Black "Midhun, P U"]
[Result "1-0"]
[WhiteTitle "GM"]
[WhiteElo "2371"]
[BlackElo "2019"]
[WhiteFideId "900133"]
[BlackFideId "5074940"]
[EventDate "2018.12.28"]

1. d4 Nf6 2. c4 e6 3. Nf3 d5 4. e3 Be7 5. Bd3 O-O 6. O-O c6 7. Nbd2 Nbd7 8. Qe2
Re8 9. e4 dxe4 10. Nxe4 Nxe4 11. Bxe4 c5 12. dxc5 Nxc5 13. Bc2 Bf6 14. Ne5 g6
15. Rd1 Qe7 16. Bf4 Nd7 17. Ba4 Rd8 18. Ng4 e5 19. Nxf6+ Qxf6 20. Bg3 Nc5 21.
Qxe5 Rxd1+ 22. Bxd1 Qxe5 23. Bxe5 Bf5 24. Bf3 Re8 25. Bd4 b6 26. h3 Be4 27. Re1
Bc6 28. Rxe8+ Bxe8 29. b4 Ne6 30. Be5 Nd8 31. b5 1-0

[Event "Hastings Masters 2018-19"]
[Site "Hastings ENG"]
[Date "2018.12.31"]
[Round "4.9"]
[White "Leenhouts, Koen"]
[Black "Stefansson, Vignir Vatnar"]
[Result "1-0"]
[WhiteTitle "IM"]
[BlackTitle "FM"]
[WhiteElo "2460"]
[BlackElo "2248"]
[WhiteFideId "1008439"]
[BlackFideId "2308649"]
[EventDate "2018.12.28"]

1. d4 f5 2. e4 fxe4 3. Nc3 Nf6 4. Bg5 Nc6 5. d5 Ne5 6. Qe2 c6 7. O-O-O cxd5 8.
f4 Nf7 9. Bxf6 gxf6 10. Rxd5 e6 11. Qxe4 Be7 12. Rd2 f5 13. Qf3 Bf6 14. Bb5 a6
15. Ba4 Rb8 16. Nge2 b5 17. Bb3 Bb7 18. Qh5 Qc7 19. Rhd1 Rd8 20. Kb1 O-O 21. Rd3
Bg7 22. Qh4 b4 23. Ng3 Nh8 24. Qe7 Ng6 25. Qxb4 Nxf4 26. R3d2 Bxc3 27. bxc3 Nd5
28. Rxd5 Bxd5 29. Rxd5 exd5 30. Qd4 Rb8 31. Nh5 Rf7 32. Nf6+ Rxf6 33. Qxf6 Qc6
34. Qe5 Rb6 35. Qxf5 Qxc3 36. Qxd5+ Kg7 37. Qg5+ Rg6 38. Qe7+ Kh6 39. Qf8+ Rg7
40. Qf4+ Kg6 41. h4 Qa5 42. c3 Qb5 43. Kc1 Re7 44. Qd6+ Re6 45. Bxe6 dxe6 46.
Qxe6+ Kg7 47. Qe7+ 1-0

[Event "Hastings Masters 2018-19"]
[Site "Hastings ENG"]
[Date "2018.12.31"]
[Round "4.10"]
[White "Spiegel, Stefan"]
[Black "Sulskis, Sarunas"]
[Result "1/2-1/2"]
[BlackTitle "GM"]
[WhiteElo "2124"]
[BlackElo "2529"]
[WhiteFideId "4610733"]
[BlackFideId "12800112"]
[EventDate "2018.12.28"]

1. e4 c5 2. Be2 e5 3. Nf3 d6 4. Bc4 h6 5. Nc3 Nc6 6. h3 a6 7. a4 Be7 8. d3 Nf6
9. Nd5 Nxd5 10. Bxd5 Be6 11. Bxe6 fxe6 12. O-O O-O 13. c3 Qe8 14. Nh2 Rd8 15.
Qg4 Rf6 16. f4 exf4 17. Bxf4 Ne5 18. Qe2 h5 19. Be3 Rxf1+ 20. Rxf1 Qxa4 21. d4
cxd4 22. cxd4 Nc4 23. Qxh5 Rf8 24. Qg4 Rxf1+ 25. Nxf1 Nxe3 26. Qxe6+ Kf8 27.
Nxe3 Qxd4 28. Qc8+ Kf7 29. Qf5+ Ke8 30. Qc8+ Bd8 31. Qe6+ Kf8 32. Qf5+ Ke7 33.
Kf2 Bb6 34. Qg5+ Qf6+ 35. Qxf6+ Kxf6 36. Kf3 Bxe3 37. Kxe3 Ke5 38. h4 a5 39. g4
g6 40. h5 gxh5 41. gxh5 b5 42. Kd3 Kf6 43. Kd4 Kg5 44. Kd5 1/2-1/2

[Event "Hastings Masters 2018-19"]
[Site "Hastings ENG"]
[Date "2018.12.31"]
[Round "4.11"]
[White "Rolvag, Mikael"]
[Black "Kjartansson, Gudmundur"]
[Result "0-1"]
[BlackTitle "IM"]
[WhiteElo "2107"]
[BlackElo "2424"]
[WhiteFideId "1500481"]
[BlackFideId "2301318"]
[EventDate "2018.12.28"]

1. c4 g6 2. g3 Bg7 3. Bg2 Nf6 4. Nc3 O-O 5. d3 c5 6. e3 Nc6 7. Nge2 d6 8. O-O
Qc7 9. Nf4 Bd7 10. Rb1 e6 11. a3 Ne7 12. Bd2 Bc6 13. Bxc6 Qxc6 14. Qa4 Qc8 15.
b4 b6 16. f3 Rd8 17. Rfc1 Nd7 18. Qd1 Ne5 19. Qe2 Qb7 20. Rf1 Rac8 21. Rb3 Qc6
22. b5 Qb7 23. e4 a6 24. Rfb1 axb5 25. Nxb5 d5 26. cxd5 exd5 27. Nc3 dxe4 28.
dxe4 Rxd2 0-1

[Event "Hastings Masters 2018-19"]
[Site "Hastings ENG"]
[Date "2018.12.31"]
[Round "4.12"]
[White "White, Stuart A"]
[Black "Bates, Richard A"]
[Result "1/2-1/2"]
[BlackTitle "IM"]
[WhiteElo "2096"]
[BlackElo "2358"]
[WhiteFideId "407747"]
[BlackFideId "403555"]
[EventDate "2018.12.28"]

1. c4 e6 2. Nc3 Bb4 3. Qb3 Nc6 4. Nf3 Nf6 5. a3 Bxc3 6. Qxc3 d6 7. b3 e5 8. Bb2
O-O 9. e3 Re8 10. Be2 Bg4 11. h3 Bh5 12. d3 d5 13. cxd5 Nxd5 14. Qc5 f6 15. O-O
Bf7 16. Qc2 Qd7 17. Nd2 Nd8 18. Rac1 Ne6 19. Ne4 b6 20. b4 a5 21. b5 a4 22. Qc6
Qxc6 23. bxc6 f5 24. Nc3 Nc5 25. Nb5 Ra5 26. d4 exd4 27. Nxd4 f4 28. Nf5 Ne6 29.
e4 Ne7 30. Nxe7+ Rxe7 31. Rfd1 Nc5 32. f3 Ra8 33. Bc3 Nb3 34. Rb1 Be6 35. Bb5
Kf7 36. Kf2 g5 37. Rd3 h5 38. Rbd1 Nc5 39. Rd8 Re8 40. Rxa8 Rxa8 41. Rd4 Ke8 42.
Rb4 Bb3 43. Rd4 Be6 44. Rd1 Kf7 1/2-1/2

[Event "Hastings Masters 2018-19"]
[Site "Hastings ENG"]
[Date "2018.12.31"]
[Round "4.13"]
[White "Sarkar, Justin"]
[Black "Sugden, John N"]
[Result "1-0"]
[WhiteTitle "IM"]
[WhiteElo "2345"]
[BlackElo "2072"]
[WhiteFideId "2010011"]
[BlackFideId "402001"]
[EventDate "2018.12.28"]

1. d4 Nf6 2. c4 e6 3. Nc3 Bb4 4. Qb3 c5 5. dxc5 Nc6 6. Nf3 Ne4 7. Bd2 Nxd2 8.
Nxd2 Bxc5 9. g3 b6 10. Bg2 Bb7 11. O-O Na5 12. Qc2 Bxg2 13. Kxg2 O-O 14. Rac1
Rc8 15. Qd3 Qc7 16. Nde4 Qc6 17. f3 a6 18. Rfd1 Rfd8 19. Nxc5 bxc5 20. Ne4 d5
21. cxd5 Rxd5 22. Rxc5 Rxd3 23. Rxc6 Rxc6 24. Rxd3 Kf8 25. b4 Nc4 26. Rc3 Ne5
27. Rc5 f6 28. f4 1-0

[Event "Hastings Masters 2018-19"]
[Site "Hastings ENG"]
[Date "2018.12.31"]
[Round "4.14"]
[White "Willson, Ollie"]
[Black "Kalavannan, Koby"]
[Result "0-1"]
[BlackTitle "FM"]
[WhiteElo "2081"]
[BlackElo "2339"]
[WhiteFideId "424714"]
[BlackFideId "425753"]
[EventDate "2018.12.28"]

1. c4 g6 2. Nf3 Bg7 3. g3 c5 4. Bg2 Nc6 5. O-O d6 6. Nc3 e6 7. b3 Nge7 8. Bb2
O-O 9. d3 d5 10. cxd5 exd5 11. Qd2 d4 12. Ne4 b6 13. h4 h6 14. Qc2 Bg4 15. a3 a5
16. Rfe1 Qd7 17. Rab1 Rad8 18. Rbd1 f5 19. Ned2 f4 20. Ne4 Nd5 21. Bc1 Qc7 22.
Kh1 Ne5 23. Nh2 Qe7 24. Rf1 g5 25. hxg5 hxg5 26. Nxg4 Nxg4 27. Bf3 Ne5 28. Bg2
g4 29. gxf4 Qh4+ 30. Kg1 Nxf4 31. Bxf4 Rxf4 32. b4 Rf5 33. Ng3 Rf6 34. bxc5 Rdf8
35. Qb3+ Kh8 36. Qd5 Rh6 37. Rfe1 Qh2+ 38. Kf1 Qxg3 39. Qxd4 Rh2 0-1

[Event "Hastings Masters 2018-19"]
[Site "Hastings ENG"]
[Date "2018.12.31"]
[Round "4.16"]
[White "Barton, R Alan"]
[Black "Moore, Graham J"]
[Result "0-1"]
[WhiteElo "1991"]
[BlackElo "2235"]
[WhiteFideId "404233"]
[BlackFideId "441988"]
[EventDate "2018.12.28"]

1. Nf3 d5 2. d4 Nf6 3. e3 e6 4. Bd3 Be7 5. O-O O-O 6. b3 c5 7. Bb2 b6 8. c4 Nc6
9. cxd5 Nxd5 10. dxc5 Bxc5 11. Nc3 Bb7 12. a3 Rc8 13. Ne4 Be7 14. Qe2 f5 15. Nc3
Na5 16. Nxd5 Bxd5 17. b4 Nc4 18. Bd4 Bf6 19. Rfc1 Nd6 20. Ne5 Nf7 21. Rxc8 Qxc8
22. Ba6 Qc7 23. Nxf7 Bxd4 24. exd4 Rxf7 25. Qd2 Qd6 26. Rc1 Rc7 27. Rc3 h6 28.
Qc1 Rxc3 29. Qxc3 Qf4 30. Qe3 Qc7 31. f4 Qc6 32. Bf1 a5 33. h3 axb4 34. axb4 Qa4
35. Qd2 Qa1 36. Kf2 Kf7 37. Be2 Ke7 38. Bf1 Kd6 39. Be2 Qa2 40. Qxa2 Bxa2 41.
Ke3 Kd5 42. Ba6 Bc4 43. Bb7+ Kd6 44. g3 Bb5 45. Bf3 Bc6 46. Be2 Ke7 47. h4 Kf6
48. h5 Ke7 49. g4 fxg4 50. Bxg4 Kd6 51. Kd3 Bd5 52. Kc3 Ke7 53. f5 exf5 54. Bxf5
Kf6 55. Bg4 Kg5 56. Be2 Bf7 57. Kd3 Bxh5 58. Bf1 Bf7 59. Ke4 Kf6 60. d5 Be8 61.
Bh3 g5 62. d6 Bc6+ 63. Kd4 h5 64. d7 Ke7 65. Ke5 g4 66. Bf1 g3 67. b5 g2 68.
bxc6 gxf1=Q 0-1

[Event "Hastings Masters 2018-19"]
[Site "Hastings ENG"]
[Date "2018.12.31"]
[Round "4.17"]
[White "Villiers, Thomas"]
[Black "Heinsohn, Michael"]
[Result "1-0"]
[WhiteTitle "CM"]
[WhiteElo "2226"]
[BlackElo "1961"]
[WhiteFideId "427209"]
[BlackFideId "4665546"]
[EventDate "2018.12.28"]

1. c4 Nf6 2. Nc3 c5 3. g3 Nc6 4. Bg2 g6 5. Nf3 Bg7 6. d4 cxd4 7. Nxd4 O-O 8. c5
Qa5 9. Nb3 Qd8 10. O-O b6 11. e4 Ba6 12. Re1 Rc8 13. e5 Ne8 14. cxb6 axb6 15. f4
Nb4 16. Be3 Nd3 17. Nd5 Rb8 18. Bf1 Nxb2 19. Qd4 Bxf1 20. Rxf1 e6 21. Nxb6 Rxb6
22. Qxb6 Qa8 23. Qd4 d6 24. Qxb2 dxe5 25. fxe5 Nd6 26. Qg2 Bxe5 27. Qxa8 Rxa8
28. Bd4 1-0

[Event "Hastings Masters 2018-19"]
[Site "Hastings ENG"]
[Date "2018.12.31"]
[Round "4.19"]
[White "Boswell, Jacob Connor"]
[Black "Royset, Pal"]
[Result "1/2-1/2"]
[WhiteElo "1858"]
[BlackElo "2165"]
[WhiteFideId "427110"]
[BlackFideId "1501330"]
[EventDate "2018.12.28"]

1. e4 c5 2. Nf3 d6 3. d4 cxd4 4. Nxd4 Nf6 5. Nc3 a6 6. Be2 e5 7. Nb3 Be6 8. O-O
Nbd7 9. f4 Rc8 10. a4 Be7 11. Be3 O-O 12. Qd2 Qc7 13. Kh1 Rfe8 14. Rfd1 Bf8 15.
Bf3 exf4 16. Bxf4 Ne5 17. Nd4 Nc4 18. Qc1 Nxb2 19. Qxb2 Qxc3 20. Qxb7 Ng4 21.
Nxe6 Nf2+ 22. Kg1 Nxd1 23. Rxd1 fxe6 24. Qxa6 e5 25. Bd2 Qxc2 26. a5 d5 27. exd5
e4 28. Bg4 Bc5+ 29. Kh1 e3 30. Be1 e2 31. Rd2 Qd1 32. Be6+ Kh8 33. Qxe2 Qxe2 34.
Rxe2 Rcd8 35. Re4 Rf8 36. h4 Bd6 37. g4 Rf4 38. Rxf4 Bxf4 39. Bf2 Ra8 40. Bb6
Bd2 41. d6 Bxa5 42. Bxa5 Rxa5 43. d7 Ra8 44. h5 h6 45. Kg2 Kh7 46. Kf3 g6 47.
Ke4 gxh5 48. gxh5 Kg7 49. Ke5 Rd8 50. Bf5 1/2-1/2

[Event "Hastings Masters 2018-19"]
[Site "Hastings ENG"]
[Date "2018.12.31"]
[Round "4.21"]
[White "Sumit, Kumar"]
[Black "Fowler, David"]
[Result "1/2-1/2"]
[WhiteElo "2219"]
[BlackElo "1929"]
[WhiteFideId "5054010"]
[BlackFideId "2461595"]
[EventDate "2018.12.28"]

1. e4 c6 2. d4 d5 3. e5 Bf5 4. Nf3 e6 5. Be2 Nd7 6. O-O Bg6 7. a4 a5 8. Nbd2 Nh6
9. Nb3 Nf5 10. Bd2 Be7 11. Ne1 O-O 12. f4 c5 13. g4 Nh4 14. Be3 c4 15. Nd2 f6
16. f5 Bf7 17. Ndf3 fxe5 18. Nxe5 exf5 19. gxf5 Bf6 20. Nxf7 Rxf7 21. Ng2 Nxg2
22. Kxg2 Qe7 23. Ra3 Qe4+ 24. Kg1 Bd8 25. Rf4 Qe7 26. Rf2 Nf6 27. Bg5 Qd7 28.
Bxf6 1/2-1/2

[Event "Hastings Masters 2018-19"]
[Site "Hastings ENG"]
[Date "2018.12.31"]
[Round "4.22"]
[White "Gu, In Jung"]
[Black "Anderson, John"]
[Result "0-1"]
[WhiteElo "1798"]
[BlackElo "2163"]
[WhiteFideId "13200232"]
[BlackFideId "405353"]
[EventDate "2018.12.28"]

1. Nf3 c5 2. c4 Nc6 3. Nc3 g6 4. e3 Nf6 5. d4 cxd4 6. exd4 d5 7. Be2 Bg7 8. O-O
O-O 9. Ne5 Be6 10. Nxc6 bxc6 11. c5 Ne4 12. Nxe4 dxe4 13. Be3 f5 14. g3 Rb8 15.
Qd2 Rb7 16. b4 Rd7 17. Rfd1 g5 18. Bxg5 Bxd4 19. Qf4 Bxa1 20. Rxa1 Qb8 21. Qc1
Qxb4 22. Bh6 Rf6 23. Rb1 Qxb1 24. Qxb1 Rxh6 25. Qb8+ Kg7 26. Qb4 Rf6 27. a4 Bd5
28. Qc3 Rb7 29. f4 exf3 30. Bc4 Bxc4 31. Qxc4 e5 32. Qa6 Re7 33. Kf2 e4 34. Ke3
f4+ 35. gxf4 Ref7 36. f5 Rxf5 37. Qf1 f2 38. Ke2 Kf8 0-1

[Event "Hastings Masters 2018-19"]
[Site "Hastings ENG"]
[Date "2018.12.31"]
[Round "4.23"]
[White "Byron, Alan M"]
[Black "Chapman, Matt"]
[Result "1/2-1/2"]
[WhiteElo "2157"]
[BlackElo "1902"]
[WhiteFideId "401773"]
[BlackFideId "435848"]
[EventDate "2018.12.28"]

1. e4 c6 2. d4 d5 3. e5 Bf5 4. Nf3 e6 5. Be2 Ne7 6. O-O c5 7. dxc5 Nec6 8. c4 d4
9. Bg5 Qd7 10. Re1 h6 11. Bh4 d3 12. Bf1 Bxc5 13. Nbd2 Nb4 14. Ne4 N8a6 15. Nd6+
Bxd6 16. exd6 Qxd6 17. Bg3 Qd8 18. Nh4 O-O 19. Nxf5 exf5 20. Re5 Qf6 21. Qf3 Nc6
22. Rd5 Qxb2 23. Qd1 Rad8 24. Bd6 Ncb4 25. Rb1 Qc3 26. Bxf8 Nxd5 27. Rb3 Qxc4
28. Ba3 Nb6 29. Bxd3 Qd5 30. Qc2 Na4 31. Bxa6 bxa6 32. h3 Nb6 33. Qc7 Rd7 34.
Qb8+ Kh7 35. Rg3 Rd8 36. Qxa7 Nc4 37. Qxa6 Nxa3 38. Qxa3 Qd1+ 39. Kh2 Qd4 40.
Rf3 1/2-1/2

[Event "Hastings Masters 2018-19"]
[Site "Hastings ENG"]
[Date "2018.12.31"]
[Round "4.24"]
[White "Rayner, Francis"]
[Black "Graham, David B"]
[Result "1/2-1/2"]
[WhiteElo "2048"]
[BlackElo "2191"]
[WhiteFideId "1800132"]
[BlackFideId "408131"]
[EventDate "2018.12.28"]

1. Nf3 Nf6 2. d4 g6 3. g3 Bg7 4. b3 d5 5. Bb2 O-O 6. Bg2 Nc6 7. Nbd2 Bg4 8. h3
Bf5 9. O-O Ne4 10. c4 Nxd2 11. Qxd2 Be4 12. Rac1 dxc4 13. Rxc4 e5 14. dxe5 Bxf3
15. Qxd8 Raxd8 16. Bxf3 Nxe5 17. Bxe5 Bxe5 18. Ra4 b6 19. Rxa7 1/2-1/2

[Event "Hastings Masters 2018-19"]
[Site "Hastings ENG"]
[Date "2018.12.31"]
[Round "4.25"]
[White "Eames, Robert S"]
[Black "Trevelyan, John"]
[Result "0-1"]
[WhiteTitle "FM"]
[WhiteElo "2157"]
[BlackElo "1996"]
[WhiteFideId "408743"]
[BlackFideId "1800922"]
[EventDate "2018.12.28"]

1. d4 d6 2. c4 e5 3. d5 g6 4. Nc3 Bh6 5. Bxh6 Nxh6 6. h4 Nd7 7. h5 g5 8. Qd2 f5
9. Nf3 Rg8 10. g3 a6 11. O-O-O Qf6 12. Bg2 Nf7 13. e4 f4 14. g4 Nb6 15. Bh3 Nxc4
16. Qc2 Nb6 17. a4 Rb8 18. Nd2 Bd7 19. a5 Na8 20. f3 Kf8 21. h6 Ke7 22. Nc4 Rgc8
23. Qf2 Kf8 24. Qa7 Qd8 25. Bf1 c5 26. dxc6 Rxc6 27. Kb1 b5 28. axb6 Nxb6 29.
Na5 Rxc3 30. bxc3 Nc4+ 0-1

[Event "Hastings Masters 2018-19"]
[Site "Hastings ENG"]
[Date "2018.12.31"]
[Round "4.26"]
[White "Rice, Chris B"]
[Black "Taylor, Adam A"]
[Result "0-1"]
[WhiteElo "1998"]
[BlackElo "2122"]
[WhiteFideId "404446"]
[BlackFideId "415790"]
[EventDate "2018.12.28"]

1. c4 c5 2. g3 Nc6 3. Bg2 g6 4. Nc3 Bg7 5. a3 a5 6. Nf3 e5 7. d4 cxd4 8. Nb5 d6
9. e3 Nge7 10. exd4 O-O 11. d5 Nd4 12. Nfxd4 exd4 13. Nxd4 Nf5 14. Nxf5 Bxf5 15.
O-O Qb6 16. Re1 Rfe8 17. Re2 Rxe2 18. Qxe2 a4 19. g4 Bd7 20. Rb1 Re8 21. Be3 Bd4
22. h3 Bxe3 23. fxe3 Rxe3 24. Qf2 Qd4 25. Rf1 f5 26. gxf5 Bxf5 27. Kh1 Qe5 28.
Qh4 Kg7 29. Rf2 Re1+ 30. Bf1 Qe3 31. Kg2 b6 32. Qg3 Qxg3+ 33. Kxg3 Kf6 34. h4
Ke5 35. Be2 Rg1+ 36. Kh2 Rc1 37. Bf1 Rc2 38. Kg3 Rxf2 39. Kxf2 Kd4 40. Be2 Bc2
41. Ke1 Bb3 42. Bg4 Bxc4 43. Bd7 b5 0-1

[Event "Hastings Masters 2018-19"]
[Site "Hastings ENG"]
[Date "2018.12.31"]
[Round "4.27"]
[White "Brown, Thomas"]
[Black "Spanton, Tim R"]
[Result "1-0"]
[WhiteElo "2076"]
[BlackElo "1943"]
[WhiteFideId "1801430"]
[BlackFideId "404802"]
[EventDate "2018.12.28"]

1. Nf3 Nc6 2. d4 d5 3. e3 Bg4 4. Bb5 Nf6 5. h3 Bxf3 6. Qxf3 a6 7. Bxc6+ bxc6 8.
c4 e6 9. O-O Ne4 10. Nc3 Nxc3 11. bxc3 f5 12. cxd5 cxd5 13. c4 c6 14. Bd2 Bd6
15. Rab1 Rb8 16. Qe2 O-O 17. c5 Bc7 18. Rxb8 Qxb8 19. Qxa6 Qa8 20. Qxa8 Rxa8 21.
Ra1 Ra4 22. f4 Kf7 23. Kf1 g5 24. fxg5 e5 25. Rb1 Rxa2 26. Rb7 Rxd2 27. Rxc7+
Kg6 28. dxe5 d4 29. Rxc6+ Kxg5 30. exd4 Rxd4 31. Re6 f4 32. c6 Rc4 33. Ke2 Kf5
34. Kd3 Rc1 35. Rh6 Kxe5 36. Rxh7 Rd1+ 37. Kc2 Rd6 38. c7 Rc6+ 39. Kd3 1-0